Electric circuit analysis (Record no. 68076)

000 -LEADER
fixed length control field 00445nam a22001697a 4500
003 - CONTROL NUMBER IDENTIFIER
control field NUST - PNEC
005 - DATE AND TIME OF LATEST TRANSACTION
control field 20170116181040.0
008 - FIXED-LENGTH DATA ELEMENTS--GENERAL INFORMATION
fixed length control field 150922b xxu||||| |||| 00| 0 eng d
020 ## - INTERNATIONAL STANDARD BOOK NUMBER
International Standard Book Number 0028004426
040 ## - CATALOGING SOURCE
Transcribing agency LIBRARY
082 ## - DEWEY DECIMAL CLASSIFICATION NUMBER
Classification number 621.3192 SCH
100 ## - MAIN ENTRY--PERSONAL NAME
9 (RLIN) 11563
Personal name Schuler, Charles A.
245 ## - TITLE STATEMENT
Title Electric circuit analysis
Statement of responsibility, etc. Charles A.Schuler
260 ## - PUBLICATION, DISTRIBUTION, ETC.
Date of publication, distribution, etc. c 1993
650 ## - SUBJECT ADDED ENTRY--TOPICAL TERM
9 (RLIN) 11564
Topical term or geographic name entry element Electrical engineering
General subdivision EE/EL
942 ## - ADDED ENTRY ELEMENTS (KOHA)
Source of classification or shelving scheme
Koha item type Book
Holdings
Withdrawn status Lost status Source of classification or shelving scheme Damaged status Not for loan Permanent Location Current Location Shelving location Date acquired Total Checkouts Full call number Barcode Date last seen Price effective from Koha item type Date last checked out
          Pakistan Navy Engineering College (PNEC) Pakistan Navy Engineering College (PNEC)       621.3192 SCH PNECLIB-017807 09/22/2015   Book  
          Pakistan Navy Engineering College (PNEC) Pakistan Navy Engineering College (PNEC)     1 621.3192 SCH PNECLIB-019221 08/01/2016   Book 01/20/2016
© 2023 Central Library, National University of Sciences and Technology. All Rights Reserved.